BUYER’S guide of Tokyo 1988 – 1989

Збережено в:
Бібліографічні деталі
Автор: [Tokyo Metropolitan Government]
Формат: Книга
Мова:Англійська
Опубліковано: Tokyo Foreign Trade Association [1989].
Теги: Додати тег
Немає тегів, Будьте першим, хто поставить тег для цього запису!

MARC

LEADER 00000nam a22000007a 4500
008 201215b ||||| |||| 00| 0 eng d
100 |a  [Tokyo Metropolitan Government] 
245 |a BUYER’S guide of Tokyo 1988 – 1989  |c [Tokyo Metropolitan Government]  |g 523p.; ill. 
260 |b Tokyo Foreign Trade Association  |c [1989].   |h Tokyo  |i 685703  |l HF5256 .B98  |m Tokyo (Japan) – Commerce – Directories.  |m Tokyo Metropolitan Government.  
942 |a ddc  |c BK  |e Kuteyi, M. A.  |f  15/12/2020 
952 |0 0  |1 0  |2 lcc  |4 0  |6 HF5256 B98  |7 0  |9 558  |a HOL  |b HOL  |c GJ  |d 2020-12-15  |l 0  |o HF5256 .B98  |p 2020-2280  |r 2020-12-15 00:00:00  |w 2020-12-15  |y BK 
999 |c 305  |d 305